[Event "CZE-chT1E 1819"]
[Site "Czech Republic"]
[Date "2019.02.17"]
[Round "8.8"]
[White "Neuschl, Zdenek"]
[Black "Kourek, Josef"]
[Result "1-0"]
[WhiteElo "2113"]
[BlackElo "2095"]
[PlyCount "81"]
[EventDate "2018.10.21"]
[EventType "team-tourn"]
[EventRounds "11"]
[EventCountry "CZE"]
[SourceTitle "CBM 189 Extra"]
[Source "ChessBase"]
[SourceDate "2019.06.03"]
[SourceVersion "1"]
[SourceVersionDate "2019.06.03"]
[SourceQuality "1"]
[WhiteTeam "Ostrava"]
[BlackTeam "Polabiny III"]
[WhiteTeamCountry "CZE"]
[BlackTeamCountry "CZE"]

1. d4 Nf6 2. Nf3 g6 3. Bf4 Bg7 4. e3 d6 5. h3 0-0 6. Be2 Nbd7 7. 0-0 c5 8. c3 b6 9. Nbd2 Bb7 10. a4 a6 11. Qb1 Nd5 12. Bh2 Bh6 13. Re1 N7f6 14. Bf1 Qd7 15. Nc4 b5 16. Na5 c4 17. Nxb7 Qxb7 18. e4 Nf4 19. g4 Ne6 20. Bg2 Bf4 21. Bg3 Bxg3 22. fxg3 Qb6 23. Kh2 Rab8 24. a5 Qc7 25. Qc1 Kg7 26. e5 dxe5 27. Nxe5 Rbd8 28. Qe3 Nd5 29. Qd2 Qd6 30. Re2 Nec7 31. Rae1 e6 32. g5 b4 33. Rf2 bxc3 34. bxc3 Nb5 35. Ref1 Rd7 36. Nxd7 Qxd7 37. Bxd5 Qxd5 38. Qe3 Nd6 39. Re1 Qxa5 40. Qf4 Qc7 41. Rxe6 1-0

[Event "CZE-chT1E 1819"]
[Site "Czech Republic"]
[Date "2019.01.20"]
[Round "6.7"]
[White "Kourek, Josef"]
[Black "Karlik, Vladimir"]
[Result "1/2-1/2"]
[WhiteElo "2095"]
[BlackElo "2142"]
[PlyCount "22"]
[EventDate "2018.10.21"]
[EventType "team-tourn"]
[EventRounds "11"]
[EventCountry "CZE"]
[SourceTitle "CBM 188 Extra"]
[Source "ChessBase"]
[SourceDate "2019.02.26"]
[SourceVersion "1"]
[SourceVersionDate "2019.02.26"]
[SourceQuality "1"]
[WhiteTeam "Polabiny III"]
[BlackTeam "Kromeriz"]
[WhiteTeamCountry "CZE"]
[BlackTeamCountry "CZE"]

1. d4 g6 2. Nf3 Bg7 3. g3 d6 4. Bg2 Nf6 5. 0-0 0-0 6. c4 c5 7. Nc3 Bf5 8. h3 Qc8 9. Kh2 Re8 10. Nh4 Bd7 11. e4 e5 1/2-1/2

[Event "CZE-chT2C 1819"]
[Site "Czech Republic"]
[Date "2018.12.16"]
[Round "5.5"]
[White "Marsalek, Zdenek"]
[Black "Kourek, Josef"]
[Result "1/2-1/2"]
[WhiteElo "2236"]
[BlackElo "2095"]
[PlyCount "67"]
[EventDate "2018.10.14"]
[EventType "team-tourn"]
[EventRounds "11"]
[EventCountry "CZE"]
[SourceTitle "EXT 2022"]
[Source "ChessBase"]
[SourceDate "2021.10.06"]
[SourceVersion "1"]
[SourceVersionDate "2021.10.06"]
[SourceQuality "1"]
[WhiteTeam "Bakov nad Jizerou"]
[BlackTeam "Lipa"]
[WhiteTeamCountry "CZE"]
[BlackTeamCountry "CZE"]

1. d4 Nf6 2. Nf3 g6 3. g3 Bg7 4. Bg2 0-0 5. 0-0 d6 6. h3 c5 7. c4 Nc6 8. Nc3 cxd4 9. Nxd4 Nxd4 10. Qxd4 Be6 11. Qh4 Rb8 12. Bg5 Qa5 13. Rac1 Rfc8 14. b3 b5 15. Nxb5 Qxa2 16. Nd4 Bd7 17. Ra1 Qb2 18. Rfb1 Qc3 19. Rc1 Qb2 20. e3 h6 21. Bxh6 e5 22. Rcb1 Qc3 23. Rc1 Qb4 24. Bg5 exd4 25. Bxf6 dxe3 26. Bxg7 exf2+ 27. Kxf2 Qd2+ 28. Kf1 Kxg7 29. Rd1 Qe3 30. Rxd6 Bf5 31. Bd5 Bxh3+ 32. Qxh3 Qd3+ 33. Kg2 Qd2+ 34. Kf1 1/2-1/2

[Event "CZE-chT2D 1516"]
[Site "Czech Republic"]
[Date "2016.01.10"]
[Round "5.6"]
[White "Ptacek, Lubos"]
[Black "Kourek, Josef"]
[Result "1/2-1/2"]
[WhiteElo "2105"]
[BlackElo "2017"]
[PlyCount "80"]
[EventDate "2015.10.18"]
[EventType "team-tourn"]
[EventRounds "11"]
[EventCountry "CZE"]
[SourceTitle "EXT 2022"]
[Source "ChessBase"]
[SourceDate "2021.10.06"]
[SourceVersion "1"]
[SourceVersionDate "2021.10.06"]
[SourceQuality "1"]
[WhiteTeam "Vysoke Myto"]
[BlackTeam "Polabiny II"]
[WhiteTeamCountry "CZE"]
[BlackTeamCountry "CZE"]

1. e4 c5 2. Nf3 d6 3. d4 cxd4 4. Nxd4 Nf6 5. Nc3 g6 6. Be2 Bg7 7. 0-0 Nc6 8. Be3 0-0 9. h3 Bd7 10. Qd2 Rc8 11. Rad1 Ne5 12. Nb3 b5 13. Bxa7 Ra8 14. Qe3 Nc4 15. Bxc4 bxc4 16. Nd2 Qc8 17. e5 dxe5 18. Bc5 Bh6 19. Qxh6 Qxc5 20. Nde4 Qc6 21. Ng5 Be6 22. Nce4 Rfb8 23. Rfe1 Rxb2 24. Re3 Bf5 25. Rd6 Qxd6 26. Nxd6 exd6 27. g4 Rb1+ 28. Kh2 Bxg4 29. Qh4 Bd7 30. Qxc4 d5 31. Qc7 h6 32. Qxe5 hxg5 33. Qxf6 Bf5 34. Rc3 Rc1 35. Rc7 Be6 36. Qxg5 Re1 37. Qd2 Re4 38. Rc3 Rxa2 39. Rb3 Ra8 40. Rg3 Rc8 1/2-1/2

[Event "CZE-chT2D 1415"]
[Site "Czech Republic"]
[Date "2015.03.15"]
[Round "9.6"]
[White "Fisar, Josef"]
[Black "Kourek, Josef"]
[Result "1-0"]
[WhiteElo "2066"]
[BlackElo "2118"]
[PlyCount "113"]
[EventDate "2014.11.02"]
[EventType "team-tourn"]
[EventRounds "11"]
[EventCountry "CZE"]
[SourceTitle "EXT 2022"]
[Source "ChessBase"]
[SourceDate "2021.10.06"]
[SourceVersion "1"]
[SourceVersionDate "2021.10.06"]
[SourceQuality "1"]
[WhiteTeam "Zdar nad Sazavou"]
[BlackTeam "Polabiny II"]
[WhiteTeamCountry "CZE"]
[BlackTeamCountry "CZE"]

1. e4 c5 2. Nf3 d6 3. Bb5+ Bd7 4. Bxd7+ Nxd7 5. 0-0 g6 6. c4 Bg7 7. Nc3 Ngf6 8. d3 0-0 9. h3 a6 10. Be3 Rb8 11. Qa4 b5 12. Qc2 e6 13. Rac1 Qc7 14. b3 b4 15. Ne2 a5 16. d4 Ra8 17. Rfd1 Ra6 18. Bf4 Rfa8 19. e5 dxe5 20. Nxe5 Nxe5 21. Bxe5 Qc6 22. Qb2 a4 23. dxc5 Ne8 24. Bxg7 Nxg7 25. Qe5 axb3 26. axb3 Ra5 27. Ra1 Rxa1 28. Rxa1 Rxa1+ 29. Qxa1 Qxc5 30. Qa8+ Qf8 31. Qxf8+ Kxf8 32. Nd4 Ke8 33. Nc2 Nf5 34. g4 Nh4 35. Kf1 Nf3 36. Ke2 Ng1+ 37. Ke3 Nxh3 38. Nxb4 h5 39. gxh5 gxh5 40. Nd3 Ng5 41. f4 Nh7 42. b4 Nf6 43. b5 Kd8 44. Kf3 Kc7 45. Ne5 Kd6 46. Nxf7+ Kc5 47. Ne5 h4 48. Kg2 Nh5 49. Nd3+ Kd4 50. b6 Kxd3 51. b7 Nxf4+ 52. Kf3 Ne2 53. b8Q Nd4+ 54. Kg4 Kxc4 55. Qd6 Kc3 56. Qc5+ Kd3 57. Qe5 1-0

[Event "CZE-chT 1415"]
[Site "Czech Republic"]
[Date "2015.01.10"]
[Round "5.8"]
[White "Kourek, Josef"]
[Black "Jasny, Stanislav"]
[Result "1/2-1/2"]
[WhiteElo "2118"]
[BlackElo "2416"]
[PlyCount "117"]
[EventDate "2014.11.01"]
[EventType "team-tourn"]
[EventRounds "11"]
[EventCountry "CZE"]
[SourceTitle "EXT 2016"]
[Source "ChessBase"]
[SourceDate "2015.10.08"]
[SourceVersion "1"]
[SourceVersionDate "2015.10.08"]
[SourceQuality "1"]
[WhiteTeam "Polabiny"]
[BlackTeam "Frydek Mistek"]
[WhiteTeamCountry "CZE"]
[BlackTeamCountry "CZE"]

1. d4 Nf6 2. Bg5 Ne4 3. Bf4 e6 4. f3 Bb4+ 5. c3 Bd6 6. Bxd6 Nxd6 7. e4 f5 8. e5 Nf7 9. Nd2 b6 10. f4 g5 11. Qh5 Bb7 12. Nh3 gxf4 13. Nxf4 Qg5 14. Qxg5 Nxg5 15. Be2 Ke7 16. 0-0-0 d6 17. exd6+ cxd6 18. Rhe1 Ne4 19. Bc4 d5 20. Nxe4 fxe4 21. Be2 Na6 22. Rf1 Rhf8 23. Rf2 Rf6 24. Rdf1 Raf8 25. Nh3 Nc7 26. Kd2 Ba6 27. Bxa6 Nxa6 28. Ke3 Nc7 29. Rxf6 Rxf6 30. Rxf6 Kxf6 31. Kf4 Ne8 32. Nf2 Nd6 33. Ng4+ Ke7 34. Ne3 b5 35. g4 a5 36. b3 Nf7 37. c4 bxc4 38. bxc4 Kd6 39. c5+ Ke7 40. h4 Nd8 41. h5 Nc6 42. Nc2 h6 43. g5 hxg5+ 44. Kxg5 Kf7 45. h6 e3 46. Nxe3 Nxd4 47. h7 Kg7 48. h8Q+ Kxh8 49. Kf6 a4 50. Ke5 Nb5 51. Kxe6 d4 52. Nc4 d3 53. Kd7 Kg7 54. c6 Kf6 55. c7 Na7 56. c8Q Nxc8 57. Kxc8 Ke6 58. Kc7 Kd5 59. Nb6+ 1/2-1/2

[Event "CZE-chT2D 1415"]
[Site "Czech Republic"]
[Date "2014.11.30"]
[Round "3.2"]
[White "Kourek, Josef"]
[Black "Sabol, Marian"]
[Result "1/2-1/2"]
[WhiteElo "2118"]
[BlackElo "2282"]
[PlyCount "51"]
[EventDate "2014.11.02"]
[EventType "team-tourn"]
[EventRounds "11"]
[EventCountry "CZE"]
[SourceTitle "EXT 2022"]
[Source "ChessBase"]
[SourceDate "2021.10.06"]
[SourceVersion "1"]
[SourceVersionDate "2021.10.06"]
[SourceQuality "1"]
[WhiteTeam "Polabiny II"]
[BlackTeam "Vysoke Myto"]
[WhiteTeamCountry "CZE"]
[BlackTeamCountry "CZE"]

1. d4 Nf6 2. Bg5 Ne4 3. Bf4 d5 4. Nc3 Nxc3 5. bxc3 e6 6. Nf3 Bd6 7. e3 c6 8. Ne5 Bxe5 9. Bxe5 f6 10. Bg3 0-0 11. Bd3 Qe7 12. 0-0 Nd7 13. c4 Kh8 14. cxd5 cxd5 15. c4 dxc4 16. Bxc4 Nb6 17. Bd3 Bd7 18. Qh5 f5 19. Be5 Be8 20. Qf3 Bc6 21. Qg3 Qf7 22. Be2 Rac8 23. Rfc1 Bd5 24. h4 Nd7 25. Bh5 Qg8 26. Bd6 1/2-1/2

[Event "CZE-chT2D 1314"]
[Site "Czech Republic"]
[Date "2014.03.02"]
[Round "9.2"]
[White "Sabuk, Piotr"]
[Black "Kourek, Josef"]
[Result "1-0"]
[WhiteElo "2300"]
[BlackElo "2121"]
[PlyCount "67"]
[EventDate "2013.11.03"]
[EventType "team-tourn"]
[EventRounds "11"]
[EventCountry "CZE"]
[SourceTitle "EXT 2016"]
[Source "ChessBase"]
[SourceDate "2015.10.08"]
[SourceVersion "1"]
[SourceVersionDate "2015.10.08"]
[SourceQuality "1"]
[WhiteTeam "Rychnov nad Kneznou"]
[BlackTeam "Polabiny II"]
[WhiteTeamCountry "CZE"]
[BlackTeamCountry "CZE"]

1. e4 c5 2. Nf3 d6 3. d4 cxd4 4. Nxd4 Nf6 5. Nc3 g6 6. Be3 Bg7 7. f3 Nc6 8. Qd2 0-0 9. 0-0-0 Nxd4 10. Bxd4 Be6 11. Kb1 Qc7 12. h4 Rfc8 13. h5 Qa5 14. hxg6 Rxc3 15. gxh7+ Kh8 16. Qxc3 Qxa2+ 17. Kc1 Qa1+ 18. Kd2 Qa4 19. Ke1 Rc8 20. b3 Rxc3 21. bxa4 Rxc2 22. g4 Bc4 23. Rb1 Nxh7 24. Bxg7+ Kxg7 25. Kd1 Bxf1 26. Kxc2 Bg2 27. Rhe1 b6 28. Rb3 Ng5 29. Ree3 Kf6 30. Kd2 Ke5 31. Rb5+ Kf6 32. Rf5+ Kg6 33. Ke2 Nh3 34. Rh5 1-0

[Event "CZE-chT2D 1314"]
[Site "Czech Republic"]
[Date "2014.02.16"]
[Round "8.2"]
[White "Kourek, Josef"]
[Black "Trhal, Tomas"]
[Result "1/2-1/2"]
[WhiteElo "2121"]
[BlackElo "2157"]
[PlyCount "58"]
[EventDate "2013.11.03"]
[EventType "team-tourn"]
[EventRounds "11"]
[EventCountry "CZE"]
[SourceTitle "EXT 2016"]
[Source "ChessBase"]
[SourceDate "2015.10.08"]
[SourceVersion "1"]
[SourceVersionDate "2015.10.08"]
[SourceQuality "1"]
[WhiteTeam "Polabiny II"]
[BlackTeam "Vysoke Myto"]
[WhiteTeamCountry "CZE"]
[BlackTeamCountry "CZE"]

1. d4 Nf6 2. Bg5 Ne4 3. Bf4 d5 4. Nd2 Bf5 5. e3 Nxd2 6. Qxd2 e6 7. Bd3 Bxd3 8. cxd3 Bd6 9. Ne2 0-0 10. Rc1 f6 11. Bxd6 Qxd6 12. Qc3 c6 13. 0-0 Nd7 14. e4 Rac8 15. f4 e5 16. Qb3 b6 17. Qa4 c5 18. Ng3 exd4 19. exd5 Qxd5 20. Rfe1 Rfe8 21. Qxa7 Ra8 22. Rxe8+ Rxe8 23. Qc7 Qe6 24. Rf1 f5 25. Rf2 Qe1+ 26. Rf1 Qe3+ 27. Kh1 Qe6 28. Rf2 Qe1+ 29. Rf1 Qe6 1/2-1/2

[Event "CZE-chT1E 1314"]
[Site "Czech Republic"]
[Date "2014.02.09"]
[Round "7.8"]
[White "Kourek, Josef"]
[Black "Dvorak, Adam"]
[Result "1/2-1/2"]
[WhiteElo "2121"]
[BlackElo "2119"]
[PlyCount "47"]
[EventDate "2013.10.20"]
[EventType "team-tourn"]
[EventRounds "11"]
[EventCountry "CZE"]
[SourceTitle "EXT 2015"]
[Source "ChessBase"]
[SourceDate "2014.11.20"]
[SourceVersion "1"]
[SourceVersionDate "2014.11.20"]
[SourceQuality "1"]
[WhiteTeam "Polabiny"]
[BlackTeam "Brno Lokomotiva"]
[WhiteTeamCountry "CZE"]
[BlackTeamCountry "CZE"]

1. d4 Nf6 2. Bg5 g6 3. Bxf6 exf6 4. e3 Bg7 5. Bd3 0-0 6. Nd2 Re8 7. Ne2 f5 8. Nf3 c5 9. c3 Nc6 10. h4 Qf6 11. Kf1 d6 12. Nf4 Ne7 13. Bc4 h6 14. Qb3 Bd7 15. Rd1 b5 16. Nd5 Nxd5 17. Bxd5 Rac8 18. dxc5 Rxc5 19. g3 a5 20. Kg2 a4 21. Qb4 Be6 22. Bxe6 Qxe6 23. a3 Rd5 24. Rhe1 1/2-1/2

[Event "CZE-chT1E 1314"]
[Site "Czech Republic"]
[Date "2014.01.26"]
[Round "6.8"]
[White "Sieber, Martin"]
[Black "Kourek, Josef"]
[Result "1-0"]
[WhiteElo "2025"]
[BlackElo "2121"]
[PlyCount "65"]
[EventDate "2013.10.20"]
[EventType "team-tourn"]
[EventRounds "11"]
[EventCountry "CZE"]
[SourceTitle "EXT 2015"]
[Source "ChessBase"]
[SourceDate "2014.11.20"]
[SourceVersion "1"]
[SourceVersionDate "2014.11.20"]
[SourceQuality "1"]
[WhiteTeam "Orlova Slavia"]
[BlackTeam "Polabiny"]
[WhiteTeamCountry "CZE"]
[BlackTeamCountry "CZE"]

1. b4 e5 2. Bb2 Bxb4 3. Bxe5 Nf6 4. Nf3 Nc6 5. Bb2 d5 6. e3 Bg4 7. Be2 0-0 8. 0-0 Qe7 9. c4 Rad8 10. d4 dxc4 11. Bxc4 Ne4 12. Be2 Rd5 13. Nfd2 Bxe2 14. Qxe2 f5 15. Nxe4 Qxe4 16. Nd2 Bxd2 17. Qxd2 f4 18. exf4 Rxf4 19. Rfe1 Qf5 20. Re8+ Kf7 21. Rae1 h6 22. Qe3 Kg6 23. Rh8 Rd7 24. d5 Re7 25. Qg3+ Rg4 26. Qc3 Rxe1+ 27. Qxe1 Qxd5 28. f3 Qxf3 29. Qe6+ Kh5 30. Qe8+ Kh4 31. Qe1+ Kg5 32. Bc1+ Kg6 33. Qe6+ 1-0

[Event "CZE-chT1E 1213"]
[Site "Czech Republic"]
[Date "2013.04.07"]
[Round "10.8"]
[White "Lys, Josef"]
[Black "Kourek, Josef"]
[Result "1-0"]
[WhiteElo "2158"]
[BlackElo "2133"]
[PlyCount "69"]
[EventDate "2012.10.21"]
[EventType "team-tourn"]
[EventRounds "11"]
[EventCountry "CZE"]
[SourceTitle "EXT 2014"]
[Source "ChessBase"]
[SourceDate "2013.11.20"]
[SourceVersion "1"]
[SourceVersionDate "2013.11.20"]
[SourceQuality "1"]
[WhiteTeam "Karvina"]
[BlackTeam "Polabiny II"]
[WhiteTeamCountry "CZE"]
[BlackTeamCountry "CZE"]

1. d4 Nf6 2. Nf3 g6 3. g3 Bg7 4. Bg2 0-0 5. 0-0 d6 6. c4 c5 7. Nc3 Nc6 8. d5 Na5 9. Qd3 a6 10. e4 Rb8 11. Bf4 b5 12. cxb5 axb5 13. e5 Nh5 14. b3 Nxf4 15. gxf4 Qb6 16. Qe3 b4 17. Na4 Qa6 18. Rfe1 Bd7 19. Nb2 c4 20. Bf1 Bb5 21. Nd4 c3 22. Nd3 Bxd3 23. Bxd3 Qb6 24. Rad1 Qc5 25. Qe4 Ra8 26. Bb1 Rab8 27. Re3 Rfd8 28. e6 Rf8 29. Nf5 fxe6 30. Nxe7+ Kh8 31. Nxg6+ hxg6 32. Qxg6 Rf5 33. Bxf5 exf5 34. Re7 Rg8 35. Kh1 1-0

[Event "CZE-chT2D 1213"]
[Site "Czech Republic"]
[Date "2013.03.24"]
[Round "11.4"]
[White "Kourek, Josef"]
[Black "Bujnoch, Radek"]
[Result "0-1"]
[WhiteElo "2133"]
[BlackElo "2207"]
[PlyCount "48"]
[EventDate "2012.10.14"]
[EventType "team-tourn"]
[EventRounds "11"]
[EventCountry "CZE"]
[SourceTitle "EXT 2016"]
[Source "ChessBase"]
[SourceDate "2015.10.08"]
[SourceVersion "1"]
[SourceVersionDate "2015.10.08"]
[SourceQuality "1"]
[WhiteTeam "Polabiny III"]
[BlackTeam "Chrudim"]
[WhiteTeamCountry "CZE"]
[BlackTeamCountry "CZE"]

1. d4 d5 2. Nf3 Nf6 3. g3 Bg4 4. Ne5 Bh5 5. c4 c6 6. Nc3 e6 7. Bg2 Nbd7 8. 0-0 Be7 9. Bf4 0-0 10. Rc1 Nxe5 11. Bxe5 Nd7 12. cxd5 exd5 13. Bf4 g5 14. Be3 f5 15. Qd2 h6 16. h4 Kh7 17. hxg5 hxg5 18. Bh3 Kh6 19. Na4 Qc7 20. Nc5 Nxc5 21. dxc5 f4 22. gxf4 gxf4 23. Bd4 Bf6 24. f3 Qg7+ 0-1

[Event "CZE-chT1E 1213"]
[Site "Czech Republic"]
[Date "2013.03.17"]
[Round "9.7"]
[White "Svanda, Pavel"]
[Black "Kourek, Josef"]
[Result "1/2-1/2"]
[WhiteElo "2180"]
[BlackElo "2133"]
[PlyCount "98"]
[EventDate "2012.10.21"]
[EventType "team-tourn"]
[EventRounds "11"]
[EventCountry "CZE"]
[SourceTitle "EXT 2014"]
[Source "ChessBase"]
[SourceDate "2013.11.20"]
[SourceVersion "1"]
[SourceVersionDate "2013.11.20"]
[SourceQuality "1"]
[WhiteTeam "Trebic Caissa"]
[BlackTeam "Polabiny II"]
[WhiteTeamCountry "CZE"]
[BlackTeamCountry "CZE"]

1. e4 c5 2. Nf3 d6 3. Bc4 Nc6 4. c3 Nf6 5. d3 g6 6. 0-0 Bg7 7. Re1 0-0 8. Bb3 b5 9. Nbd2 Rb8 10. a3 Qc7 11. Nf1 a5 12. Ne3 e6 13. a4 b4 14. c4 Nd7 15. Rb1 Bb7 16. Bc2 Nde5 17. Nxe5 dxe5 18. b3 Rbd8 19. Bb2 Nd4 20. Bxd4 Rxd4 21. Qe2 Qe7 22. Qf1 Qg5 23. Qe2 h5 24. Rf1 Bh6 25. Rbe1 f5 26. f3 h4 27. Rf2 h3 28. Nf1 fxe4 29. fxe4 Rxf2 30. Qxf2 Rd7 31. Qg3 hxg2 32. Kxg2 Qf6 33. Qf2 Bf4 34. Qxc5 Rh7 35. Qf2 Qg5+ 36. Kh1 Rh3 37. Qg2 Qh6 38. Re2 Bc6 39. Rf2 Be8 40. Rf3 Rxf3 41. Qxf3 Qh4 42. Qe2 g5 43. Bd1 Kg7 44. Kg1 Qh3 45. Qf3 Qxf3 46. Bxf3 Kf6 47. Kf2 Ke7 48. Ke2 Kd6 49. Kd1 Kc5 1/2-1/2

[Event "CZE-chT1E 1213"]
[Site "Czech Republic"]
[Date "2013.02.10"]
[Round "7.7"]
[White "Holeksa, Zdenek"]
[Black "Kourek, Josef"]
[Result "1-0"]
[WhiteElo "2132"]
[BlackElo "2133"]
[PlyCount "61"]
[EventDate "2012.10.21"]
[EventType "team-tourn"]
[EventRounds "11"]
[EventCountry "CZE"]
[SourceTitle "EXT 2014"]
[Source "ChessBase"]
[SourceDate "2013.11.20"]
[SourceVersion "1"]
[SourceVersionDate "2013.11.20"]
[SourceQuality "1"]
[WhiteTeam "Beskydy Chess School II"]
[BlackTeam "Polabiny II"]
[WhiteTeamCountry "CZE"]
[BlackTeamCountry "CZE"]

1. e4 c5 2. Nf3 d6 3. d4 cxd4 4. Nxd4 Nf6 5. Nc3 g6 6. Be3 Bg7 7. f3 0-0 8. Qd2 Nc6 9. Bc4 Bd7 10. 0-0-0 Qb8 11. Nd5 Nxd5 12. Bxd5 a5 13. Bxc6 bxc6 14. Bh6 Bh8 15. Bxf8 Kxf8 16. c3 c5 17. Nc2 Be6 18. Kb1 a4 19. Na3 Qb7 20. h4 Rb8 21. Rhf1 Be5 22. Ka1 Bf4 23. Qc2 f6 24. h5 g5 25. Rf2 Bf7 26. e5 Bxe5 27. Qxh7 Bxa2 28. h6 Be6 29. Qc2 Bb3 30. Qg6 Bxd1 31. h7 1-0